00549nam a2200205Ia 4500008004100000020002200041050001600063050001400079100001900093245002300112245006500135260001500200260003500215260000900250300001600259300002000275300001100295650002400306650001300330180523s9999 xx 000 0 und d a978-1-4169-1896-7 aMAIN TT 507 b.A43 2006 aAmbrose, June. 0aEffortless style / 0cJune Ambrose with Richard Buskin; illustrated by Aimee Levy. aNew York : bSimon Spotlight Entertainment, c2006 a165 pages : billustrations ; c22 cm. aClothing and dress. xFashion.